000 00607nam a2200205Ia 4500
003 GCL
008 140319s9999 xx 000 0 ara d
040 _aGCL /
_cGCL
082 0 4 _a620.104
_bع د
100 1 _aعلاءالدين حمدى
245 1 0 _aالديناميكا وتطبيقاتها /
_cعلاءالدين حمدى
260 _a[S.N] :
_bدار الراتب الجامعية
300 _a168 ص
490 _a
650 0 4 _aالديناميكا
650 0 4 _aالفيزياء
650 0 4 _aالميكانيكا
650 0 4 _aالديناميكا التطبيقية
942 _2ddc
_cBK
999 _c37311
_d37311